| 000 | 00621nam a2200229Ia 4500 | ||
|---|---|---|---|
| 003 | OSt | ||
| 005 | 20230614153056.0 | ||
| 008 | 210423s2014 xx 000 0 und d | ||
| 020 | _a978-81-265-3518-7 | ||
| 040 | _cAL | ||
| 041 | _aeng | ||
| 082 |
_a530.41 _223 _b KITI |
||
| 100 |
_aKITTEL (Charles) _9107257 |
||
| 245 | _aIntroduction to solid state physics Ed 8 | ||
| 260 |
_aNew Delhi _bWiley and Sons _c2014 |
||
| 300 |
_axix,680 _bPB |
||
| 365 |
_b599 _cINR |
||
| 650 |
_aPhysics _9107258 |
||
| 650 |
_aSolid State Physics _9107259 |
||
| 906 | _aEd ; Introduction ; physics ; solid ; state | ||
| 942 |
_2ddc _cBK |
||
| 999 |
_c166641 _d166641 |
||